Movies Quiz

Random Movies or Clickable Quiz

Movie Franchise by Release Dates Quiz Stats

Quiz Updated Jul 14, 2017

Challenge
Share
Tweet
Embed
Score 0/25 Timer 07:00
1 Play Today
% Correct
Star Wars
85.9%
The Hunger Games
73.2%
Frankenstein
72.7%
Harry Potter
71.4%
James Bond
70.4%
Jurassic Park
69.4%
The Matrix
61.5%
Back to the Future
60.8%
The Fast and the Furious
59.9%
The Godfather
59.5%
The Lord of the Rings
56.5%
Toy Story
55.3%
Mad Max
53.3%
% Correct
Indiana Jones
53.1%
Mission: Impossible
50.6%
Dirty Harry
49.5%
Star Trek
47.7%
Planet of the Apes
46.2%
Terminator
45.6%
Die Hard
45.2%
Lethal Weapon
41.5%
Austin Powers
41.5%
The Karate Kid
36.6%
The Muppets
31.5%
The Pink Panther
28.8%

You're not logged in!

Compare scores with friends on all Sporcle quizzes.
Join for Free
OR
Log In

You Might Also Like...

Show Comments

Extras

Top Quizzes Today


Score Distribution

Your Account Isn't Verified!

In order to create a playlist on Sporcle, you need to verify the email address you used during registration. Go to your Sporcle Settings to finish the process.

Report this User

Report this user for behavior that violates our Community Guidelines.

Details: